Gaming Quiz

Random Gaming or Video Games Quiz

Video Game Currencies Quiz Stats

 Plays Quiz Updated Feb 1, 2012

Score 0/40 Timer 06:00
1 Play Today
Game Currency % Correct
Super Mario Bros.Gold Coins
79.8%
Sonic the HedgehogGold Rings
68.1%
The Legend of ZeldaRupees
62.1%
FalloutBottle Caps
43.4%
Final FantasyGil
34.8%
Ratchet & ClankBolts
28.8%
The SimsSimoleons
28.4%
Animal CrossingBells
22.7%
Kingdom HeartsMunny
21.2%
The Elder Scrolls IV: OblivionSeptims
13.3%
Chrono TriggerG
12.8%
Kid IcarusHearts
8%
Tales of SymphoniaGald
5.5%
Viva PiñataChocolate Coins
4.5%
Star Fox AdventuresScarabs
4.2%
EVE OnlineISK
3.8%
Pikmin 2Pokos
3.6%
Phantasy StarMeseta
3.2%
Eternal SonataGolby
3%
Breath of FireZenny
2.5%
Game Currency % Correct
Disgaea: Hour of DarknessHL
2.5%
Star OceanFol
2%
Beyond Good & EvilPearls
1.7%
Chibi-Robo!Moolah
1.5%
ShadowrunNuyen
1.5%
Suikoden IIPotch
1.5%
Dark CloudGilda
1.1%
Wild ARMsGella
1%
Space QuestBuckazoids
1%
SuikodenBits
0.9%
Ogre BattleGoth
0.8%
Legend of ManaLucre
0.8%
Valkyria ChroniclesDucats
0.6%
AlundraGilder
0.5%
Too HumanBounty
0.5%
Alex Kidd in the Enchanted CastleBaum
0.5%
Valkyrie Profile 2: SilmeriaOTH
0.4%
Rogue GalaxyZehn
0.4%
Radiata StoriesDagols
0.4%
Steambot ChroniclesUroch
0.3%

You're not logged in!

Compare scores with friends on all Sporcle quizzes.
OR
Log In

Sporcle TV

Today on Sporcle TV


Watch our educational content, quiz creation guides, and fun videos on Sporcle TV.

Show Comments

Extras

Top Quizzes Today


Score Distribution

Your Account Isn't Verified!

In order to create a playlist on Sporcle, you need to verify the email address you used during registration. Go to your Sporcle Settings to finish the process.

Report this User

Report this user for behavior that violates our Community Guidelines.

Details: